[Event "Skalica Open 2019"]
[Site "Skalica"]
[Date "2019.08.26"]
[Round "3.7"]
[White "Kapusta, Petr"]
[Black "Manik, Mikulas"]
[Result "0-1"]
[WhiteElo "2157"]
[BlackElo "2374"]
[Annotator "NA"]
[PlyCount "130"]
[EventDate "2019.08.25"]
[EventType "swiss"]
[EventCountry "SVK"]
[SourceTitle "playchess.com"]
[Source "ChessBase"]
[SourceQuality "1"]
[TimeControl "40/5400+30:1800+30"]

1. e4 {[%emt 0:00:47]} c5 {[%emt 0:00:00]} 2. Nf3 {[%emt 0:00:06]} d6 {[%emt 0:00:00]} 3. d4 {[%emt 0:00:07]} cxd4 {[%emt 0:00:00]} 4. Nxd4 {[%emt 0:00:06]} Nf6 {[%emt 0:00:00]} 5. Nc3 {[%emt 0:00:06]} Nc6 {[%emt 0:00:05]} 6. Be2 {[%emt 0:01:38]} e6 {[%emt 0:02:08]} 7. Be3 {[%emt 0:00:14]} Be7 {[%emt 0:00:18]} 8. O-O {[%emt 0:00:11]} O-O {[%emt 0:00:18]} 9. Kh1 {[%emt 0:00:06]} Nxd4 {[%emt 0:07:07]} 10. Bxd4 {[%emt 0:00:48]} e5 {[%emt 0:00:14]} 11. Be3 {[%emt 0:00:13]} a6 {[%emt 0:00:16]} 12. a4 {[%emt 0:01:13]} Be6 {[%emt 0:04:40]} 13. f4 {[%emt 0:02:01]} exf4 {[%emt 0:00:10]} 14. Rxf4 {[%emt 0:02:56]} Nd7 {[%emt 0:01:30]} 15. Nd5 {[%emt 0:04:18]} Bg5 {[%emt 0:01:08]} 16. Rf3 {[%emt 0:03:15]} Bxe3 {[%emt 0:01:14]} 17. Rxe3 {[%emt 0:00:16]} Rc8 {[%emt 0:00:37]} 18. c3 {[%emt 0:07:12]} Bxd5 {[%emt 0:02:12]} 19. Qxd5 {[%emt 0:00:37]} Qb6 {[%emt 0:03:51]} 20. Qd2 {[%emt 0:04:10]} Ne5 {[%emt 0:00:28]} 21. Rg3 {[%emt 0:01:37]} f6 {[%emt 0:02:49]} 22. Rf1 {[%emt 0:04:54]} Rc7 {[%emt 0:10:16]} 23. Bg4 {[%emt 0:07:27]} Nxg4 {[%emt 0:02:44]} 24. Rxg4 {[%emt 0:00:18]} Qc6 {[%emt 0:01:25]} 25. h4 {[%emt 0:05:51]} Re7 {[%emt 0:05:14]} 26. Qd4 {[%emt 0:04:52]} h5 {[%emt 0:05:22]} 27. Rgf4 {[%emt 0:02:03]} Rfe8 {[%emt 0:01:52]} 28. Qd5+ {[%emt 0:08:22]} Qxd5 {[%emt 0:00:13]} 29. exd5 {[%emt 0:00:05]} Re2 {[%emt 0:04:53]} 30. b3 {[%emt 0:09:28]} Rd2 {[%emt 0:02:13]} 31. c4 {[%emt 0:08:47]} Ree2 {[%emt 0:03:55]} 32. Rg1 {[%emt 0:00:41]} Re3 {[%emt 0:02:51]} 33. b4 {[%emt 0:02:37]} Ra3 {[%emt 0:00:57]} 34. a5 {[%emt 0:02:50]} Rb3 {[%emt 0:00:21]} 35. c5 {[%emt 0:01:31]} dxc5 {[%emt 0:00:21]} 36. bxc5 {[%emt 0:00:06]} Rxd5 {[%emt 0:00:05]} 37. Rc1 {[%emt 0:00:33]} Rb5 {[%emt 0:00:06]} 38. c6 {[%emt 0:00:28]} bxc6 {[%emt 0:00:05]} 39. Rxc6 {[%emt 0:00:07]} Rxa5 {[%emt 0:00:10]} 40. Rc8+ {[%emt 0:00:11]} Kh7 {[%emt 0:00:08]} 41. Rc7 {[%emt 0:30:35]} Rd6 {[%emt 0:38:21]} 42. Ra7 {[%emt 0:04:54]} Ra2 {[%emt 0:01:28]} 43. Rf5 {[%emt 0:02:41]} Kg6 {[%emt 0:04:54]} 44. Rf3 {[%emt 0:01:11]} Rd4 {[%emt 0:00:06]} 45. Rg3+ {[%emt 0:00:53]} Rg4 {[%emt 0:00:07]} 46. Rxg4+ {[%emt 0:00:10]} hxg4 {[%emt 0:00:03]} 47. Kh2 {[%emt 0:00:19]} Ra3 {[%emt 0:00:12]} 48. h5+ {[%emt 0:01:25]} Kxh5 {[%emt 0:01:27]} 49. Rxg7 {[%emt 0:00:06]} a5 {[%emt 0:01:21]} 50. Rg8 {[%emt 0:00:25]} a4 {[%emt 0:00:45]} 51. Rg7 {[%emt 0:00:10]} f5 {[%emt 0:00:35]} 52. Rg8 {[%emt 0:00:11]} f4 {[%emt 0:02:58]} 53. Rh8+ {[%emt 0:04:04]} Kg5 {[%emt 0:00:07]} 54. Rg8+ {[%emt 0:00:05]} Kf5 {[%emt 0:00:04]} 55. Rf8+ {[%emt 0:00:06]} Ke4 {[%emt 0:00:06]} 56. Re8+ {[%emt 0:00:06]} Kd4 {[%emt 0:01:42]} 57. Rg8 {[%emt 0:01:33]} Rg3 {[%emt 0:00:39]} 58. Ra8 {[%emt 0:00:18]} a3 {[%emt 0:00:23]} 59. Ra4+ {[%emt 0:00:18]} Ke5 {[%emt 0:00:21]} 60. Ra5+ {[%emt 0:00:23]} Kf6 {[%emt 0:00:11]} 61. Rb5 {[%emt 0:04:39]} Re3 {[%emt 0:00:47]} 62. Ra5 {[%emt 0:00:14]} Re2 {[%emt 0:00:22]} 63. Rxa3 {[%emt 0:00:00]} f3 {[%emt 0:00:00]} 64. Ra4 {[%emt 0:00:00]} Rxg2+ {[%emt 0:00:00]} 65. Kh1 {[%emt 0:00:00]} Rg3 {[%emt 0:00:00]} 0-1

[Event "Skalica Open 2019"]
[Site "Skalica"]
[Date "2019.08.26"]
[Round "3.9"]
[White "Jablonicky, Martin"]
[Black "Kalisky, Vladimir"]
[Result "1-0"]
[WhiteElo "2343"]
[BlackElo "2179"]
[Annotator "NA"]
[PlyCount "71"]
[EventDate "2019.08.25"]
[EventType "swiss"]
[EventCountry "SVK"]
[SourceTitle "playchess.com"]
[Source "ChessBase"]
[SourceQuality "1"]
[TimeControl "40/5400+30:1800+30"]

1. e4 {[%emt 0:02:09]} e5 {[%emt 0:00:00]} 2. Nf3 {[%emt 0:00:05]} Nc6 {[%emt 0:00:00]} 3. Bb5 {[%emt 0:00:12]} a6 {[%emt 0:00:44]} 4. Ba4 {[%emt 0:00:06]} Nf6 {[%emt 0:00:08]} 5. d3 {[%emt 0:00:05]} b5 {[%emt 0:00:44]} 6. Bb3 {[%emt 0:00:04]} d6 {[%emt 0:00:15]} 7. c3 {[%emt 0:00:21]} Be7 {[%emt 0:02:11]} 8. O-O {[%emt 0:00:09]} O-O {[%emt 0:00:26]} 9. Re1 {[%emt 0:00:17]} Na5 {[%emt 0:00:50]} 10. Bc2 {[%emt 0:00:07]} c5 {[%emt 0:00:19]} 11. Nbd2 {[%emt 0:00:25]} Nc6 {[%emt 0:07:08]} 12. Nf1 {[%emt 0:00:12]} Re8 {[%emt 0:00:07]} 13. a4 {[%emt 0:00:45]} Rb8 {[%emt 0:06:24]} 14. axb5 {[%emt 0:00:10]} axb5 {[%emt 0:00:01]} 15. h3 {[%emt 0:04:07]} Bf8 {[%emt 0:05:53]} 16. d4 {[%emt 0:03:15]} h6 {[%emt 0:18:24]} 17. Ng3 {[%emt 0:01:43]} Qc7 {[%emt 0:03:39]} 18. d5 {[%emt 0:02:12]} Na5 {[%emt 0:03:15]} 19. Nh4 {[%emt 0:04:54]} g6 {[%emt 0:10:38]} 20. Qf3 {[%emt 0:01:09]} Nh7 {[%emt 0:02:34]} 21. Nhf5 {[%emt 0:02:19]} Ng5 {[%emt 0:14:14]} 22. Qg4 {[%emt 0:03:41]} f6 {[%emt 0:09:35]} 23. h4 {[%emt 0:00:23]} gxf5 {[%emt 0:01:36]} 24. exf5 {[%emt 0:00:05]} Nc4 {[%emt 0:03:03]} 25. hxg5 {[%emt 0:01:55]} fxg5 {[%emt 0:06:00]} 26. f4 {[%emt 0:00:07]} Qg7 {[%emt 0:01:56]} 27. Nh5 {[%emt 0:00:23]} Qf7 {[%emt 0:00:20]} 28. fxg5 {[%emt 0:00:17]} e4 {[%emt 0:01:08]} 29. Nf6+ {[%emt 0:02:35]} Kh8 {[%emt 0:00:11]} 30. Nxe8 {[%emt 0:02:59]} Bxf5 {[%emt 0:00:20]} 31. Qf4 {[%emt 0:01:25]} Rxe8 {[%emt 0:00:16]} 32. Rf1 {[%emt 0:00:52]} Re5 {[%emt 0:00:13]} 33. g4 {[%emt 0:00:53]} e3 {[%emt 0:02:20]} 34. Bxf5 {[%emt 0:00:34]} e2 {[%emt 0:00:05]} 35. Re1 {[%emt 0:00:39]} Qxd5 {[%emt 0:01:00]} 36. Be6 1-0

[Event "Skalica Open 2019"]
[Site "Skalica"]
[Date "2019.08.26"]
[Round "3.10"]
[White "Danada, Tomas"]
[Black "Kuna, Martin"]
[Result "1-0"]
[WhiteElo "2266"]
[BlackElo "1969"]
[Annotator "NA"]
[PlyCount "37"]
[EventDate "2019.08.25"]
[EventType "swiss"]
[EventCountry "SVK"]
[SourceTitle "playchess.com"]
[Source "ChessBase"]
[SourceQuality "1"]
[TimeControl "40/5400+30:1800+30"]

1. Nf3 {[%emt 0:01:39]} d5 {[%emt 0:00:07]} 2. b3 {[%emt 0:00:09]} Nf6 {[%emt 0:01:03]} 3. Bb2 {[%emt 0:00:23]} Bf5 {[%emt 0:01:04]} 4. g3 {[%emt 0:00:10]} e6 {[%emt 0:00:56]} 5. Bg2 {[%emt 0:00:05]} h6 {[%emt 0:00:55]} 6. O-O {[%emt 0:00:15]} Be7 {[%emt 0:00:32]} 7. d3 {[%emt 0:00:22]} O-O {[%emt 0:00:35]} 8. Nbd2 {[%emt 0:01:28]} Nbd7 {[%emt 0:02:37]} 9. Re1 {[%emt 0:00:30]} Bh7 {[%emt 0:06:53]} 10. h3 {[%emt 0:04:25]} c5 {[%emt 0:06:42]} 11. e4 {[%emt 0:00:34]} Rb8 {[%emt 0:02:36]} 12. c4 {[%emt 0:03:11]} b5 {[%emt 0:04:38]} 13. cxd5 {[%emt 0:09:56]} exd5 {[%emt 0:01:08]} 14. a4 {[%emt 0:02:05]} c4 {[%emt 0:27:02]} 15. axb5 {[%emt 0:01:10]} cxd3 {[%emt 0:00:21]} 16. Nd4 dxe4 {[%emt 0:02:00]} 17. Nc6 {[%emt 0:01:42]} Qe8 {[%emt 0:00:31]} 18. Nxe4 {[%emt 0:00:42]} Bxe4 {[%emt 0:04:44]} 19. Bxe4 {[%emt 0:00:39]} 1-0

[Event "Skalica Open 2019"]
[Site "Skalica"]
[Date "2019.08.26"]
[Round "3.11"]
[White "Karas, Marek"]
[Black "Skalsky, Alexandr"]
[Result "1/2-1/2"]
[WhiteElo "2233"]
[BlackElo "2128"]
[Annotator "NA"]
[PlyCount "89"]
[EventDate "2019.08.25"]
[EventType "swiss"]
[EventCountry "SVK"]
[SourceTitle "playchess.com"]
[Source "ChessBase"]
[SourceQuality "1"]
[TimeControl "40/5400+30:1800+30"]

1. Nf3 {[%emt 0:00:25]} g6 {[%emt 0:00:00]} 2. e4 {[%emt 0:00:26]} Bg7 {[%emt 0:00:43]} 3. d4 {[%emt 0:00:07]} d6 {[%emt 0:00:03]} 4. Bc4 {[%emt 0:00:07]} Nf6 {[%emt 0:12:37]} 5. Qe2 {[%emt 0:00:30]} Nc6 {[%emt 0:00:45]} 6. c3 {[%emt 0:05:23]} Bg4 {[%emt 0:06:18]} 7. h3 {[%emt 0:02:15]} Bxf3 {[%emt 0:02:49]} 8. Qxf3 {[%emt 0:00:09]} e5 {[%emt 0:08:13]} 9. d5 {[%emt 0:00:23]} Ne7 {[%emt 0:00:24]} 10. Bd3 {[%emt 0:02:11]} O-O {[%emt 0:06:34]} 11. c4 {[%emt 0:03:02]} c5 {[%emt 0:05:57]} 12. Nc3 {[%emt 0:02:55]} Kh8 {[%emt 0:06:14]} 13. g4 {[%emt 0:03:27]} Nfg8 {[%emt 0:13:24]} 14. Qg2 {[%emt 0:15:17]} f5 {[%emt 0:08:05]} 15. f3 {[%emt 0:01:03]} Nf6 {[%emt 0:06:20]} 16. Be3 {[%emt 0:03:56]} f4 {[%emt 0:09:09]} 17. Bd2 {[%emt 0:02:01]} a5 {[%emt 0:03:05]} 18. Kf2 {[%emt 0:01:00]} Ra6 {[%emt 0:03:30]} 19. Qf1 {[%emt 0:00:23]} Qa8 {[%emt 0:00:23]} 20. Bc2 {[%emt 0:01:39]} Qa7 {[%emt 0:01:05]} 21. Ba4 {[%emt 0:00:52]} Qb6 {[%emt 0:00:47]} 22. Qc1 {[%emt 0:00:49]} Rfa8 {[%emt 0:00:31]} 23. Kg2 {[%emt 0:00:21]} Qd8 {[%emt 0:01:10]} 24. a3 {[%emt 0:01:55]} Nc8 {[%emt 0:01:07]} 25. b3 {[%emt 0:02:23]} Nb6 {[%emt 0:00:21]} 26. Bb5 {[%emt 0:01:30]} R6a7 {[%emt 0:00:00]} 27. Qb2 {[%emt 0:00:27]} Nbd7 {[%emt 0:01:11]} 28. Be1 {[%emt 0:02:27]} Ne8 {[%emt 0:00:38]} 29. Bf2 {[%emt 0:01:07]} Nc7 {[%emt 0:01:33]} 30. Ra2 {[%emt 0:02:13]} Bf8 {[%emt 0:00:59]} 31. Rha1 {[%emt 0:00:44]} Nxb5 {[%emt 0:00:35]} 32. Nxb5 {[%emt 0:00:12]} Ra6 {[%emt 0:00:01]} 33. Be1 {[%emt 0:00:54]} Nb6 {[%emt 0:01:03]} 34. Qe2 {[%emt 0:01:51]} Nd7 {[%emt 0:00:29]} 35. Rc2 {[%emt 0:06:48]} Kg8 {[%emt 0:00:18]} 36. Kh1 {[%emt 0:04:18]} Be7 {[%emt 0:00:27]} 37. Qg2 {[%emt 0:01:25]} Kf7 {[%emt 0:00:37]} 38. Qh2 {[%emt 0:03:03]} Kg8 {[%emt 0:01:00]} 39. h4 {[%emt 0:00:43]} h6 {[%emt 0:00:29]} 40. Qh3 {[%emt 0:01:30]} Nf8 {[%emt 0:00:21]} 41. h5 {[%emt 0:34:31]} g5 {[%emt 0:30:29]} 42. Qf1 {[%emt 0:00:34]} Nd7 {[%emt 0:00:00]} 43. Qd3 {[%emt 0:00:00]} Qc8 {[%emt 0:00:00]} 44. Rb1 {[%emt 0:00:00]} Bd8 {[%emt 0:00:00]} 45. a4 {[%emt 0:00:00]} 1/2-1/2

[Event "Skalica Open 2019"]
[Site "Skalica"]
[Date "2019.08.26"]
[Round "3.12"]
[White "Rakovsky, Jakub"]
[Black "Bochnicka, Vladimir"]
[Result "0-1"]
[WhiteElo "1765"]
[BlackElo "2193"]
[Annotator "NA"]
[PlyCount "94"]
[EventDate "2019.08.25"]
[EventType "swiss"]
[EventCountry "SVK"]
[SourceTitle "playchess.com"]
[Source "ChessBase"]
[SourceQuality "1"]
[TimeControl "40/5400+30:1800+30"]

1. e4 {[%emt 0:04:52]} c5 {[%emt 0:01:06]} 2. Nf3 {[%emt 0:01:35]} Nc6 {[%emt 0:00:09]} 3. d4 {[%emt 0:01:30]} cxd4 {[%emt 0:00:50]} 4. Nxd4 {[%emt 0:00:11]} Nf6 {[%emt 0:00:09]} 5. Nc3 {[%emt 0:00:23]} e5 {[%emt 0:00:08]} 6. Nf5 {[%emt 0:08:41]} d5 {[%emt 0:04:44]} 7. exd5 {[%emt 0:03:24]} Bxf5 {[%emt 0:00:11]} 8. dxc6 {[%emt 0:00:11]} Qxd1+ {[%emt 0:01:02]} 9. Kxd1 {[%emt 0:00:32]} bxc6 {[%emt 0:00:42]} 10. Be3 {[%emt 0:03:49]} Ng4 {[%emt 0:06:18]} 11. Bd3 {[%emt 0:03:29]} Rd8 {[%emt 0:02:08]} 12. Ke2 {[%emt 0:00:27]} Nxe3 {[%emt 0:00:07]} 13. fxe3 {[%emt 0:00:07]} Bg4+ {[%emt 0:02:07]} 14. Kf2 {[%emt 0:08:45]} Be7 {[%emt 0:03:06]} 15. h3 {[%emt 0:00:48]} Be6 {[%emt 0:01:22]} 16. Rad1 {[%emt 0:02:59]} f5 {[%emt 0:03:12]} 17. Be2 {[%emt 0:08:34]} O-O {[%emt 0:02:33]} 18. Rxd8 {[%emt 0:06:11]} Rxd8 {[%emt 0:03:19]} 19. Rd1 {[%emt 0:01:34]} Kf7 {[%emt 0:00:56]} 20. Rxd8 {[%emt 0:02:38]} Bxd8 {[%emt 0:00:51]} 21. b3 {[%emt 0:01:30]} Ke7 {[%emt 0:01:41]} 22. Na4 {[%emt 0:01:35]} Kd6 {[%emt 0:04:47]} 23. c4 {[%emt 0:00:56]} e4 {[%emt 0:00:32]} 24. Bf1 {[%emt 0:04:05]} g5 {[%emt 0:01:55]} 25. g3 {[%emt 0:00:30]} Bf6 {[%emt 0:00:54]} 26. Bg2 {[%emt 0:02:42]} Be5 {[%emt 0:05:24]} 27. h4 {[%emt 0:05:56]} gxh4 {[%emt 0:02:09]} 28. gxh4 {[%emt 0:00:01]} Bc8 {[%emt 0:02:50]} 29. Bh3 {[%emt 0:07:04]} Bf6 {[%emt 0:00:56]} 30. h5 {[%emt 0:02:17]} Ke5 {[%emt 0:01:20]} 31. Nc3 Bh4+ {[%emt 0:00:37]} 32. Kg2 {[%emt 0:02:52]} Bg5 {[%emt 0:00:15]} 33. Nd1 {[%emt 0:03:14]} Be6 {[%emt 0:00:15]} 34. Kf2 {[%emt 0:02:13]} Bf7 {[%emt 0:00:35]} 35. Bg2 {[%emt 0:01:50]} Bxh5 {[%emt 0:00:20]} 36. Nc3 {[%emt 0:00:03]} Bg4 {[%emt 0:02:42]} 37. Ne2 {[%emt 0:00:18]} h5 {[%emt 0:00:18]} 38. Ng1 {[%emt 0:00:33]} f4 {[%emt 0:02:18]} 39. exf4+ {[%emt 0:00:28]} Bxf4 {[%emt 0:00:09]} 40. Ne2 {[%emt 0:00:16]} h4 {[%emt 0:00:56]} 41. Nxf4 {[%emt 0:31:00]} Kxf4 {[%emt 0:30:03]} 42. c5 {[%emt 0:00:27]} h3 {[%emt 0:00:08]} 43. Bh1 {[%emt 0:00:04]} e3+ {[%emt 0:00:06]} 44. Ke1 {[%emt 0:00:07]} Bf3 {[%emt 0:00:06]} 45. Bxf3 {[%emt 0:00:57]} Kxf3 {[%emt 0:00:07]} 46. Kf1 {[%emt 0:00:03]} h2 {[%emt 0:00:08]} 47. Ke1 {[%emt 0:00:04]} h1=Q# {[%emt 0:00:09]} 0-1

[Event "Skalica Open 2019"]
[Site "Skalica"]
[Date "2019.08.26"]
[Round "3.13"]
[White "Londin, Simon"]
[Black "Matejovic, Juraj"]
[Result "0-1"]
[WhiteElo "2038"]
[BlackElo "2237"]
[Annotator "NA"]
[PlyCount "52"]
[EventDate "2019.08.25"]
[EventType "swiss"]
[EventCountry "SVK"]
[SourceTitle "playchess.com"]
[Source "ChessBase"]
[SourceQuality "1"]
[TimeControl "40/5400+30:1800+30"]

1. e4 {[%emt 0:00:00]} c5 {[%emt 0:00:00]} 2. Nc3 {[%emt 0:00:00]} e6 {[%emt 0:00:47]} 3. f4 {[%emt 0:00:00]} Nc6 {[%emt 0:04:00]} 4. Nf3 {[%emt 0:00:00]} d6 {[%emt 0:01:26]} 5. Bb5 {[%emt 0:00:21]} Bd7 {[%emt 0:03:26]} 6. d3 {[%emt 0:03:52]} Nge7 {[%emt 0:07:39]} 7. Bc4 {[%emt 0:03:05]} Na5 {[%emt 0:02:49]} 8. Bb3 {[%emt 0:00:19]} Nxb3 {[%emt 0:18:09]} 9. axb3 {[%emt 0:01:19]} Nc6 {[%emt 0:00:45]} 10. O-O {[%emt 0:06:02]} Be7 {[%emt 0:01:38]} 11. e5 {[%emt 0:07:11]} d5 {[%emt 0:11:21]} 12. Ne1 {[%emt 0:19:48]} O-O {[%emt 0:11:33]} 13. Qh5 {[%emt 0:04:11]} f5 {[%emt 0:02:12]} 14. Qe2 {[%emt 0:15:05]} a6 {[%emt 0:02:51]} 15. Nf3 {[%emt 0:01:45]} b5 {[%emt 0:01:35]} 16. Bd2 {[%emt 0:00:34]} Qc7 {[%emt 0:03:11]} 17. Rfc1 {[%emt 0:00:24]} Rfb8 {[%emt 0:01:49]} 18. Nd1 {[%emt 0:00:18]} Be8 {[%emt 0:02:17]} 19. Ne1 {[%emt 0:02:46]} Nd4 {[%emt 0:01:44]} 20. Qf2 {[%emt 0:00:45]} Bh5 {[%emt 0:00:28]} 21. Be3 {[%emt 0:00:25]} Ne2+ {[%emt 0:00:19]} 22. Kh1 {[%emt 0:04:22]} Nxc1 {[%emt 0:00:25]} 23. Rxc1 {[%emt 0:00:03]} a5 {[%emt 0:02:36]} 24. Qd2 {[%emt 0:02:24]} a4 {[%emt 0:00:46]} 25. Bg1 {[%emt 0:00:41]} axb3 {[%emt 0:00:58]} 26. cxb3 {[%emt 0:00:02]} Qa5 {[%emt 0:00:19]} 0-1

[Event "Skalica Open 2019"]
[Site "Skalica"]
[Date "2019.08.26"]
[Round "3.14"]
[White "Khmelev, Mikhail"]
[Black "Gasa, Patrik"]
[Result "1-0"]
[WhiteElo "2021"]
[BlackElo "2187"]
[Annotator "NA"]
[PlyCount "69"]
[EventDate "2019.08.25"]
[EventType "swiss"]
[EventCountry "SVK"]
[SourceTitle "playchess.com"]
[Source "ChessBase"]
[SourceQuality "1"]
[TimeControl "40/5400+30:1800+30"]

1. e4 {[%emt 0:00:00]} c5 {[%emt 0:02:36]} 2. Nf3 {[%emt 0:00:00]} a6 {[%emt 0:00:50]} 3. c3 {[%emt 0:00:34]} d5 {[%emt 0:03:21]} 4. exd5 {[%emt 0:00:12]} Qxd5 {[%emt 0:00:04]} 5. d4 {[%emt 0:00:06]} e6 {[%emt 0:04:01]} 6. Be2 {[%emt 0:00:20]} Nf6 {[%emt 0:02:13]} 7. O-O {[%emt 0:00:09]} Nc6 {[%emt 0:03:20]} 8. Bf4 {[%emt 0:00:14]} Be7 {[%emt 0:02:22]} 9. Ne5 {[%emt 0:00:13]} cxd4 {[%emt 0:25:49]} 10. Bf3 {[%emt 0:01:53]} Qb5 {[%emt 0:01:47]} 11. Nxc6 {[%emt 0:03:57]} bxc6 {[%emt 0:00:24]} 12. Qxd4 {[%emt 0:01:27]} c5 {[%emt 0:05:53]} 13. Qd2 {[%emt 0:00:47]} Bb7 {[%emt 0:21:49]} 14. Na3 {[%emt 0:00:33]} Qb6 {[%emt 0:03:47]} 15. Nc4 {[%emt 0:00:05]} Qa7 {[%emt 0:04:11]} 16. Bxb7 {[%emt 0:00:21]} Qxb7 {[%emt 0:00:02]} 17. a4 {[%emt 0:01:04]} O-O {[%emt 0:06:40]} 18. Qe2 {[%emt 0:00:05]} Rad8 {[%emt 0:04:02]} 19. Rfd1 {[%emt 0:00:09]} Rxd1+ {[%emt 0:02:22]} 20. Rxd1 {[%emt 0:00:05]} Rd8 {[%emt 0:00:15]} 21. Rxd8+ {[%emt 0:00:56]} Bxd8 {[%emt 0:00:01]} 22. h3 {[%emt 0:00:45]} Be7 {[%emt 0:00:40]} 23. Kh2 {[%emt 0:02:51]} h6 {[%emt 0:01:47]} 24. Be5 {[%emt 0:00:22]} Qd7 {[%emt 0:03:07]} 25. Nb6 {[%emt 0:01:58]} Qb7 {[%emt 0:00:03]} 26. Nc4 {[%emt 0:01:22]} Qd7 {[%emt 0:00:54]} 27. b3 {[%emt 0:00:06]} Nd5 {[%emt 0:00:31]} 28. Qc2 {[%emt 0:00:27]} Bf6 {[%emt 0:00:37]} 29. Bxf6 {[%emt 0:00:10]} Nxf6 {[%emt 0:00:30]} 30. Qd2 {[%emt 0:01:44]} Qb7 {[%emt 0:00:29]} 31. Qd8+ {[%emt 0:00:43]} Kh7 {[%emt 0:00:12]} 32. Qd3+ {[%emt 0:00:48]} Kg8 {[%emt 0:00:06]} 33. Qd8+ {[%emt 0:01:39]} Kh7 {[%emt 0:00:10]} 34. Qb6 {[%emt 0:00:12]} Qxb6 {[%emt 0:01:31]} 35. Nxb6 {[%emt 0:00:06]} 1-0

[Event "Skalica Open 2019"]
[Site "Skalica"]
[Date "2019.08.26"]
[Round "3.15"]
[White "Husek, Martin"]
[Black "Benes, Miroslav"]
[Result "1-0"]
[WhiteElo "2182"]
[BlackElo "2107"]
[Annotator "NA"]
[PlyCount "71"]
[EventDate "2019.08.25"]
[EventType "swiss"]
[EventCountry "SVK"]
[SourceTitle "playchess.com"]
[Source "ChessBase"]
[SourceQuality "1"]
[TimeControl "40/5400+30:1800+30"]

1. e4 {[%emt 0:00:00]} e5 {[%emt 0:00:00]} 2. Nf3 {[%emt 0:00:00]} Nc6 {[%emt 0:00:00]} 3. Bc4 {[%emt 0:00:01]} Nf6 {[%emt 0:00:03]} 4. d3 {[%emt 0:00:16]} Bc5 {[%emt 0:00:06]} 5. O-O {[%emt 0:00:09]} d6 {[%emt 0:01:17]} 6. c3 {[%emt 0:00:12]} a6 {[%emt 0:00:06]} 7. a4 {[%emt 0:00:54]} Ba7 {[%emt 0:01:02]} 8. a5 {[%emt 0:06:24]} h6 {[%emt 0:03:06]} 9. Re1 {[%emt 0:02:02]} O-O {[%emt 0:03:30]} 10. Nbd2 {[%emt 0:09:03]} Kh8 {[%emt 0:02:54]} 11. h3 {[%emt 0:07:28]} Ng8 {[%emt 0:09:44]} 12. Nf1 {[%emt 0:18:43]} f5 {[%emt 0:03:10]} 13. exf5 {[%emt 0:04:24]} Bxf5 {[%emt 0:00:47]} 14. Ng3 {[%emt 0:02:35]} Bd7 {[%emt 0:07:57]} 15. Be3 {[%emt 0:01:27]} Bxe3 {[%emt 0:03:42]} 16. Rxe3 {[%emt 0:01:25]} Nge7 {[%emt 0:08:48]} 17. Qb3 {[%emt 0:06:15]} Rb8 {[%emt 0:05:52]} 18. d4 {[%emt 0:12:19]} exd4 {[%emt 0:11:25]} 19. cxd4 {[%emt 0:01:16]} Nf5 {[%emt 0:06:51]} 20. Nxf5 {[%emt 0:00:26]} Rxf5 {[%emt 0:00:33]} 21. d5 {[%emt 0:07:39]} Rxf3 {[%emt 0:09:07]} 22. Rxf3 {[%emt 0:00:10]} Nd4 {[%emt 0:00:22]} 23. Qd3 {[%emt 0:00:07]} Nxf3+ {[%emt 0:00:11]} 24. Qxf3 {[%emt 0:00:07]} Qg5 {[%emt 0:07:50]} 25. Bd3 {[%emt 0:00:57]} Re8 {[%emt 0:01:10]} 26. Qf7 {[%emt 0:00:35]} Rd8 {[%emt 0:02:17]} 27. Re1 {[%emt 0:00:35]} Bb5 {[%emt 0:03:51]} 28. Bxb5 {[%emt 0:08:10]} axb5 {[%emt 0:00:01]} 29. Qxc7 {[%emt 0:01:47]} Rf8 {[%emt 0:05:41]} 30. Qxd6 {[%emt 0:00:12]} Rf6 {[%emt 0:01:16]} 31. Qe5 {[%emt 0:03:56]} Qd2 {[%emt 0:01:19]} 32. Re2 {[%emt 0:01:01]} Qxa5 {[%emt 0:01:10]} 33. d6 {[%emt 0:00:11]} Qd8 {[%emt 0:00:45]} 34. Qe8+ {[%emt 0:00:18]} Rf8 {[%emt 0:00:24]} 35. d7 {[%emt 0:01:25]} Kg8 {[%emt 0:00:22]} 36. Qxd8 {[%emt 0:00:32]} 1-0